000 00420nam a2200169Ia 4500
003 GCL
008 140319s9999 xx 000 0 ara d
040 _aGCL /
_cGCL
082 0 4 _aط
_b507
_bد س
100 1 _aدار الشروق
245 1 0 _aسفر الفضاء /
_cدار الشروق
300 _a32 ص
490 _a100 قصة
_v0
650 0 4 _aالنقل
650 0 4 _aالنقل الجوى
942 _2ddc
_cBK
999 _c45168
_d45168